[Event "Ambelokipi op 140th"]
[Site "Athens"]
[Date "2013.11.30"]
[Round "4"]
[White "Vazelakis, Dimitrios"]
[Black "Skondras, Gerasimos"]
[Result "1-0"]
[WhiteElo "1955"]
[BlackElo "1543"]
[PlyCount "69"]
[EventDate "2013.11.11"]
[EventType "swiss"]
[EventRounds "7"]
[EventCountry "GRE"]
[SourceTitle "EXT 2024"]
[Source "ChessBase"]
[SourceDate "2023.10.10"]
[SourceVersion "1"]
[SourceVersionDate "2023.10.10"]
[SourceQuality "1"]

1. c4 e5 2. g3 g6 3. Bg2 Bg7 4. Nc3 Nc6 5. d3 d6 6. e4 Be6 7. Nge2 Nh6 8. 0-0 0-0 9. Nd5 f5 10. h3 Qd7 11. Kh2 Nd8 12. Be3 c6 13. Ndc3 Kh8 14. Qd2 Ng8 15. b4 Nf6 16. Rac1 d5 17. cxd5 cxd5 18. Bg5 dxe4 19. dxe4 Qxd2 20. Bxd2 Nc6 21. b5 Nb4 22. exf5 gxf5 23. Bxb7 Rab8 24. Bg2 Nxa2 25. Ra1 Nxc3 26. Nxc3 Rfd8 27. Be3 Rbc8 28. Rfc1 e4 29. Rxa7 Rd3 30. Na4 Rxc1 31. Bxc1 Bb3 32. Nc5 Rc3 33. Nxb3 Rxb3 34. Ra8+ Ng8 35. Bf1 1-0

[Event "Ambelokipi op 140th"]
[Site "Athens"]
[Date "2013.11.11"]
[Round "1"]
[White "Skondras, Gerasimos"]
[Black "Papahristoudis, Anastasios"]
[Result "0-1"]
[WhiteElo "1543"]
[BlackElo "2063"]
[PlyCount "100"]
[EventDate "2013.11.11"]
[EventType "swiss"]
[EventRounds "7"]
[EventCountry "GRE"]
[SourceTitle "EXT 2024"]
[Source "ChessBase"]
[SourceDate "2023.10.10"]
[SourceVersion "1"]
[SourceVersionDate "2023.10.10"]
[SourceQuality "1"]

1. e4 Nf6 2. e5 Nd5 3. c4 Nb6 4. d4 d6 5. f4 g6 6. Nc3 Bg7 7. Be3 0-0 8. Be2 Be6 9. b3 dxe5 10. fxe5 c5 11. Nf3 cxd4 12. Bxd4 Nc6 13. 0-0 Nxd4 14. Nxd4 Bxe5 15. Nxe6 fxe6 16. Rc1 Qd4+ 17. Qxd4 Bxd4+ 18. Kh1 Rxf1+ 19. Bxf1 Bxc3 20. Rxc3 Rd8 21. Re3 Rd1 22. Kg1 Kf7 23. Kf2 Nd7 24. Rd3 Rxd3 25. Bxd3 Nc5 26. Ke3 a5 27. Bc2 e5 28. a3 Ke6 29. h4 Kd6 30. g4 Ne6 31. b4 axb4 32. axb4 b6 33. h5 gxh5 34. gxh5 h6 35. Bg6 Nc7 36. Kd3 Ke6 37. Be4 Kd6 38. Bg6 Na6 39. Kc3 Nb8 40. Kd3 Nd7 41. Ke4 e6 42. Ke3 Nf6 43. Bf7 Kc6 44. Bg6 b5 45. Bd3 bxc4 46. Bxc4 Nd5+ 47. Ke4 Kd6 48. b5 Nf6+ 49. Ke3 Nxh5 50. b6 Nf6 0-1